000
00385nam a22001697a 4500
003
MPLRDC
005
20220104123258.0
008
210129b ||||| |||| 00| 0 eng d
082
_a
192.15 XLY c.2
100
_a
谢理德著
245
_a
写给少女
_c
250
_a
四版
260
_a
_b
南洋时兆报馆
_c
1981
300
_b
平
650
_a
942
_c
BK
_o
192.15 XLY c.2
999
_c
10023
_d
10013